Представление документа в формате MARC21

Поле Инд. ПП Название Значение
Тип записи a
Библиографический уровень s
001 Контрольный номер RU/IS/BASE/358430995
005 Дата корректировки 20240315110300.9
020 c Цена, тираж 242-68
a ISBN 978-5-91233-338-5
084 a Индекс другой классификации/Индекс ББК 82
090 a Полочн. индекс 82
c Каталожный индекс 82
x Авторский знак Д 83
091 i Возрастная адресация (DOS) 12+
097 b Оператор ; Кондратьева; Маслова; Сунагатуллина; Сунагатуллина; Сунагатуллина; Мунгишиева
100 1_ a Автор Дунаева Ю. А.
q Полное имя Дунаева Юлия Александровна
245 10 a Заглавие Драконы и легенды
b Продолж. заглавия [12+]
c Ответственность иллюстрации Т. В. Канивец
260 a Место издания Санкт-Петербург
b Издательство БКК
c Дата издания 2018
300 a Объем 96 с.
b Иллюстрации/ тип воспроизводства ил.
440 _0 a Серия Узнай мир
653 0_ a Ключевые слова драконы; драконы мифы и легенды
900 a Имя макрообъекта о1502130
901 t Тип документа m